| 000 | 00988nmm a2200337 a 4500 | ||
|---|---|---|---|
| 003 | AR-BaBNM | ||
| 005 | 20251128204954.0 | ||
| 008 | 136019s1995 ||||||||||||||000 | spa|| | ||
| 020 | _a950-9028-02-3 | ||
| 040 | _cAR-BaBNM | ||
| 245 | 1 | 0 | _aAgroindustrias del noroeste, el papel de los actores sociales |
| 260 |
_aBuenos Aires _bLa Colmena _c1995 |
||
| 300 | 0 |
_a247 p. _bgráfs., tablas |
|
| 500 | 0 | _aContiene información sobre los autores en p. 7 | |
| 650 | 4 | _aCIENCIAS SOCIALES | |
| 650 | 4 | _aSOCIOLOGIA RURAL | |
| 650 | 4 | _aSOCIOLOGIA INDUSTRIAL | |
| 650 | 4 | _aTRABAJADORES AGRICOLAS | |
| 650 | 4 | _aCULTIVOS | |
| 650 | 4 | _aINDUSTRIA AZUCARERA | |
| 650 | 4 | _aCANA DE AZUCAR | |
| 650 | 4 | _aINDUSTRIA DEL TABACO | |
| 650 | 4 | _aAGRICULTURA | |
| 651 | 4 | _aArgentina | |
| 700 | 1 |
_aGiarracca, Norma _ecoordinador |
|
| 700 | 1 |
_aAparicio, Susana _ecolaborador |
|
| 700 | 1 |
_aGras, Carla _ecolaborador |
|
| 700 | 1 |
_aBertoni, Leandro _ecolaborador |
|
| 942 | _cBK | ||
| 998 | _cMARTIN | ||
| 999 |
_c9537 _d9537 |
||